[Event "FRA-ch 50+"]
[Site "L'Alpe d'Huez"]
[Date "2023.08.20"]
[Round "2"]
[White "Sonnet, Jean Pierre"]
[Black "Kibleur, Christophe"]
[Result "1-0"]
[WhiteElo "2113"]
[BlackElo "1893"]
[PlyCount "33"]
[EventDate "2023.08.19"]
[EventType "swiss"]
[EventRounds "9"]
[EventCountry "FRA"]
[SourceTitle "EXT 2024"]
[Source "ChessBase"]
[SourceDate "2023.10.10"]
[SourceVersion "1"]
[SourceVersionDate "2023.10.10"]
[SourceQuality "1"]

1. Nf3 d5 2. g3 c5 3. Bg2 Nc6 4. 0-0 e5 5. d3 Be7 6. Nbd2 h5 7. e4 d4 8. Nc4 Qc7 9. a4 h4 10. c3 hxg3 11. fxg3 Bg4 12. Rf2 Bf6 13. Qf1 Qd7 14. cxd4 Bxf3 15. Bxf3 Nxd4 16. Bd1 Nh6 17. Rxf6 1-0

[Event "Vaujany op 4th"]
[Site "Vaujany"]
[Date "2013.07.18"]
[Round "8"]
[White "Sonnet, Jean Pierre"]
[Black "Antoine, Jean Luc"]
[Result "0-1"]
[WhiteElo "2113"]
[BlackElo "2028"]
[PlyCount "108"]
[EventDate "2013.07.11"]
[EventType "swiss"]
[EventRounds "9"]
[EventCountry "FRA"]
[SourceTitle "EXT 2014"]
[Source "ChessBase"]
[SourceDate "2013.11.20"]
[SourceVersion "1"]
[SourceVersionDate "2013.11.20"]
[SourceQuality "1"]

1. e4 c5 2. Nf3 d6 3. d3 Nc6 4. g3 g6 5. Bg2 Bg7 6. 0-0 e5 7. Nc3 Nge7 8. Nh4 Be6 9. f4 exf4 10. gxf4 Qd7 11. Be3 0-0 12. Qd2 f5 13. Rae1 Rae8 14. Kh1 Kh8 15. Nf3 b6 16. Ng5 Bg8 17. Rf3 d5 18. exd5 Nxd5 19. Nxd5 Bxd5 20. Rh3 h6 21. Nf3 Kh7 22. Rg3 Re6 23. c3 Rfe8 24. a3 Rd6 25. Nh4 Ne7 26. Bg1 Bf6 27. Nf3 Nc6 28. Rxe8 Qxe8 29. Ne1 Bxg2+ 30. Nxg2 Ne7 31. Re3 Qd7 32. h3 Nd5 33. Rg3 Bd8 34. Qc2 Nf6 35. b4 Nh5 36. Rf3 Qc6 37. Qe2 Re6 38. Qf2 cxb4 39. cxb4 Bc7 40. Bh2 Qc1+ 41. Bg1 Qxa3 42. Qd4 Qa4 43. Rf2 Qc6 44. Qc4 Qxc4 45. dxc4 Re4 46. Ra2 Bb8 47. c5 Rxb4 48. cxb6 axb6 49. Ra8 Bd6 50. Ra7+ Kg8 51. Ra8+ Kf7 52. Ra7+ Kf6 53. Ra6 Rb1 54. Kh2 Nxf4 0-1

[Event "Vaujany op 4th"]
[Site "Vaujany"]
[Date "2013.07.16"]
[Round "6"]
[White "Sonnet, Jean Pierre"]
[Black "Boucquet, Emile"]
[Result "0-1"]
[WhiteElo "2113"]
[BlackElo "2045"]
[PlyCount "78"]
[EventDate "2013.07.11"]
[EventType "swiss"]
[EventRounds "9"]
[EventCountry "FRA"]
[SourceTitle "EXT 2014"]
[Source "ChessBase"]
[SourceDate "2013.11.20"]
[SourceVersion "1"]
[SourceVersionDate "2013.11.20"]
[SourceQuality "1"]

1. e4 c5 2. Nf3 d6 3. d4 cxd4 4. Nxd4 Nf6 5. Nc3 a6 6. Rg1 e5 7. Nb3 Be6 8. g4 h6 9. h4 Be7 10. g5 hxg5 11. hxg5 Nfd7 12. Nd5 Nc6 13. Be3 Rc8 14. Qd2 Rh4 15. Nxe7 Nxe7 16. Bg2 Nb6 17. Na5 Qc7 18. b3 Nd7 19. Bf1 Rxe4 20. Rh1 d5 21. Rh8+ Nf8 22. Bd3 Neg6 23. Rh1 Rh4 24. Rxh4 Nxh4 25. Qb4 Ng2+ 26. Kf1 Nxe3+ 27. fxe3 b6 28. Bxa6 bxa5 29. Qb5+ Bd7 30. Qxd5 Rd8 31. Bb5 Ke7 32. Bxd7 Rxd7 33. Qe4 Ng6 34. Ke2 Qc3 35. Rd1 Rxd1 36. Kxd1 Kd7 37. Qb7+ Qc7 38. Qg2 Qd6+ 39. Ke2 Ke8 0-1

[Event "Vaujany op 4th"]
[Site "Vaujany"]
[Date "2013.07.15"]
[Round "5"]
[White "Deleva, Mathias"]
[Black "Sonnet, Jean Pierre"]
[Result "1-0"]
[WhiteElo "2098"]
[BlackElo "2113"]
[PlyCount "91"]
[EventDate "2013.07.11"]
[EventType "swiss"]
[EventRounds "9"]
[EventCountry "FRA"]
[SourceTitle "EXT 2014"]
[Source "ChessBase"]
[SourceDate "2013.11.20"]
[SourceVersion "1"]
[SourceVersionDate "2013.11.20"]
[SourceQuality "1"]

1. e4 c5 2. b3 Nf6 3. e5 Nd5 4. Bb2 Nc6 5. Nf3 b6 6. g3 Bb7 7. Bg2 e6 8. 0-0 Be7 9. d3 0-0 10. Nbd2 f6 11. a4 fxe5 12. Nxe5 Bf6 13. Ndc4 Nxe5 14. Nxe5 d6 15. Nc4 Bxb2 16. Nxb2 Qf6 17. Nc4 Nc3 18. Qg4 Bxg2 19. Kxg2 d5 20. Nd2 Rae8 21. Rae1 e5 22. Re3 g6 23. Rf3 Qc6 24. Re1 Rxf3 25. Qxf3 Kg7 26. Kg1 a6 27. Qe3 Qf6 28. f4 e4 29. dxe4 dxe4 30. Nf3 Nd5 31. Qe2 Re7 32. Ne5 e3 33. Qd1 Nc3 34. Qd3 Rxe5 35. Qxc3 Re4 36. Rxe3 Rxe3 37. Qxe3 Qa1+ 38. Kg2 Qd1 39. Qd3 Qc1 40. Kh3 a5 41. c4 Qb2 42. Qd7+ Kh6 43. Qe7 Qxb3 44. Qf8+ Kh5 45. Qg7 h6 46. Qe5+ 1-0

[Event "Vaujany op 4th"]
[Site "Vaujany"]
[Date "2013.07.12"]
[Round "2"]
[White "Bandet, Raphael"]
[Black "Sonnet, Jean Pierre"]
[Result "0-1"]
[WhiteElo "2000"]
[BlackElo "2113"]
[PlyCount "146"]
[EventDate "2013.07.11"]
[EventType "swiss"]
[EventRounds "9"]
[EventCountry "FRA"]
[SourceTitle "EXT 2014"]
[Source "ChessBase"]
[SourceDate "2013.11.20"]
[SourceVersion "1"]
[SourceVersionDate "2013.11.20"]
[SourceQuality "1"]

1. e4 c5 2. Nf3 d6 3. d4 cxd4 4. Nxd4 Nf6 5. Nc3 a6 6. Be3 e5 7. Nb3 Be7 8. Qd2 Be6 9. 0-0-0 Nbd7 10. f4 b5 11. f5 Bc4 12. Bd3 0-0 13. Rhg1 Bxd3 14. Qxd3 b4 15. Na4 Qc7 16. Nd2 Rfc8 17. Kb1 Qc6 18. b3 d5 19. exd5 Nxd5 20. Nc4 Nxe3 21. Qxe3 Rab8 22. g4 f6 23. Qd3 Nc5 24. Nxc5 Bxc5 25. Rge1 Bd4 26. g5 Kh8 27. Re4 Rd8 28. Rh4 Bb6 29. Nd6 fxg5 30. Nf7+ Kg8 31. Nxd8 Rxd8 32. Qc4+ Qxc4 33. Rxd8+ Bxd8 34. Rxc4 Be7 35. Rc6 a5 36. Kc1 g4 37. Kd1 Bg5 38. Ke2 Bf4 39. Ra6 Bxh2 40. Kf2 Bf4 41. Rxa5 e4 42. a3 e3+ 43. Ke2 h5 44. Ra4 g3 45. Kf1 Bd6 46. Ra6 Bc5 47. axb4 e2+ 48. Kxe2 g2 49. Rg6 g1Q 50. Rxg1 Bxg1 51. Kf3 Kf7 52. Kf4 Kf6 53. c3 Bh2+ 54. Ke4 h4 55. b5 Be5 56. c4 Bd6 57. Kd5 h3 58. Kxd6 h2 59. b6 h1Q 60. Kc7 Qh2+ 61. Kc8 Qd6 62. b7 Qc6+ 63. Kb8 Ke7 64. Ka7 Qc5+ 65. Ka6 Qa3+ 66. Kb6 Qxb3+ 67. Kc6 Qxc4+ 68. Kb6 Qb4+ 69. Ka7 Qa5+ 70. Kb8 Qb6 71. Ka8 Qa6+ 72. Kb8 Kd7 73. f6 Kc6 0-1

[Event "FRA-chT2 East 0708"]
[Site "France"]
[Date "2008.04.05"]
[Round "10.3"]
[White "Sonnet, Jean Pierre"]
[Black "Kropp, Volker"]
[Result "1-0"]
[WhiteElo "2126"]
[BlackElo "2088"]
[PlyCount "117"]
[EventDate "2007.10.21"]
[EventType "team-tourn"]
[EventRounds "11"]
[EventCountry "FRA"]
[SourceTitle "EXT 2009"]
[Source "ChessBase"]
[SourceDate "2008.11.26"]
[SourceVersion "1"]
[SourceVersionDate "2008.11.26"]
[SourceQuality "1"]
[WhiteTeam "Besancon TPG II"]
[BlackTeam "Saverne"]
[WhiteTeamCountry "FRA"]
[BlackTeamCountry "FRA"]

1. e4 c5 2. Nf3 Nc6 3. d3 g6 4. g3 Bg7 5. Bg2 e6 6. 0-0 Nge7 7. c3 0-0 8. Qe2 Rb8 9. Be3 b6 10. Rd1 Ba6 11. Qc2 Qc8 12. d4 cxd4 13. Nxd4 e5 14. Nxc6 dxc6 15. Nd2 Qc7 16. Nf1 Rbd8 17. Rxd8 Rxd8 18. Rd1 Rd6 19. Rxd6 Qxd6 20. Qa4 Bxf1 21. Bxf1 Qd7 22. Qa6 h6 23. a4 f5 24. a5 fxe4 25. axb6 axb6 26. Bxb6 Kh7 27. Qa7 Qe6 28. Bc5 Nf5 29. Qa4 e3 30. fxe3 Qd5 31. Qc4 Qf3 32. Be2 Nxe3 33. Bxf3 Nxc4 34. b4 e4 35. Bxe4 Bxc3 36. Bxc6 Ne5 37. Be4 h5 38. b5 Nd7 39. Ba7 Ba5 40. Kf2 Kh6 41. Be3+ Kg7 42. Bd4+ Kh6 43. Ke2 h4 44. gxh4 Bd8 45. Bc6 Nb6 46. Kf3 Nc4 47. Kg4 Bc7 48. Kh3 Bd8 49. Bd5 Nb6 50. Be6 Bc7 51. Kg4 Na4 52. h3 Bd8 53. Be3+ Kg7 54. h5 gxh5+ 55. Kxh5 Bf6 56. Bb3 Nc3 57. b6 Be5 58. b7 Bb8 59. Bd4+ 1-0

[Event "Chambery op 13th"]
[Site "Chambery"]
[Date "2007.07.29"]
[Round "2"]
[White "Stets, Dmitry"]
[Black "Sonnet, Jean Pierre"]
[Result "1-0"]
[WhiteElo "2390"]
[BlackElo "2123"]
[PlyCount "69"]
[EventDate "2007.07.28"]
[EventType "swiss"]
[EventRounds "9"]
[EventCountry "FRA"]
[SourceTitle "CBM 119 Extra"]
[Source "ChessBase"]
[SourceDate "2007.09.04"]
[SourceVersion "1"]
[SourceVersionDate "2007.09.04"]
[SourceQuality "1"]

1. e4 c5 2. Nf3 d6 3. d4 cxd4 4. Nxd4 Nf6 5. Nc3 a6 6. Be3 e5 7. Nb3 Be6 8. Qd2 Nbd7 9. 0-0-0 Be7 10. f4 Rc8 11. Kb1 0-0 12. f5 Bc4 13. Bxc4 Rxc4 14. Qd3 b5 15. Rhg1 Qc7 16. Nd2 Nc5 17. Bxc5 Rxc5 18. g4 b4 19. Na4 Rc6 20. g5 Nh5 21. f6 Bd8 22. fxg7 Kxg7 23. Nf1 Nf4 24. Qd2 Be7 25. Ne3 Rb8 26. Rdf1 Kg8 27. b3 Rc8 28. Nb2 a5 29. Nbc4 a4 30. Rg4 Qa7 31. Nf5 Rxc4 32. bxc4 Rxc4 33. Nh6+ Kh8 34. Nxf7+ Kg7 35. Nxd6 1-0

[Event "FRA-chT N1"]
[Site "France"]
[Date "2005.05.06"]
[Round "9.8"]
[White "Guichard, Pauline"]
[Black "Sonnet, Jean Pierre"]
[Result "1/2-1/2"]
[WhiteElo "2072"]
[BlackElo "2086"]
[PlyCount "93"]
[EventDate "2005.05.05"]
[EventType "team-tourn"]
[EventRounds "11"]
[EventCountry "FRA"]
[SourceTitle "EXT 2006"]
[Source "ChessBase"]
[SourceDate "2005.11.24"]
[SourceVersion "1"]
[SourceVersionDate "2005.11.24"]
[SourceQuality "1"]

1. d4 Nf6 2. Nf3 g6 3. c4 Bg7 4. Nc3 0-0 5. e4 d6 6. Be2 e5 7. dxe5 dxe5 8. Qxd8 Rxd8 9. Bg5 c6 10. Nxe5 Re8 11. 0-0-0 Na6 12. f4 h6 13. Bh4 Nc5 14. Bf3 g5 15. Bf2 Ne6 16. Nxf7 Kxf7 17. e5 Nxf4 18. exf6 Bxf6 19. Ne4 Be5 20. Nd6+ Bxd6 21. Rxd6 Bf5 22. Rhd1 Re6 23. Rd7+ Re7 24. Rxe7+ Kxe7 25. Bd4 g4 26. Re1+ Kf7 27. Be2 Re8 28. Kd2 Rd8 29. Kc3 Re8 30. Kd2 b6 31. g3 Rd8 32. Kc3 c5 33. gxf4 cxd4+ 34. Kd2 d3 35. Bf1 Rd4 36. b3 Kf6 37. Re3 Rxf4 38. Bxd3 Bxd3 39. Kxd3 Rf2 40. Re2 Rf3+ 41. Kd4 Rf5 42. b4 a5 43. a3 h5 44. c5 axb4 45. axb4 Rf4+ 46. Kd5 bxc5 47. bxc5 1/2-1/2

[Event "FRA-chT2b 0304"]
[Site "France"]
[Date "2004.03.14"]
[Round "9"]
[White "Mondon, Fabrice"]
[Black "Sonnet, Jean Pierre"]
[Result "1/2-1/2"]
[WhiteElo "1989"]
[BlackElo "2121"]
[PlyCount "81"]
[EventDate "2003.10.??"]
[EventType "team-tourn"]
[EventRounds "11"]
[EventCountry "FRA"]
[SourceTitle "EXT 2005"]
[Source "ChessBase"]
[SourceDate "2004.11.15"]
[SourceVersion "1"]
[SourceVersionDate "2004.11.15"]
[SourceQuality "1"]

1. e4 c5 2. Nc3 Nc6 3. g3 g6 4. Bg2 Bg7 5. d3 e6 6. Be3 Nd4 7. f4 Ne7 8. Nf3 0-0 9. 0-0 d5 10. Bf2 Qb6 11. Rb1 dxe4 12. Nxe4 f5 13. Ned2 a5 14. Re1 Nxf3+ 15. Qxf3 a4 16. b4 axb3 17. Nxb3 Qc7 18. Nxc5 Rxa2 19. c4 Qd6 20. Nxb7 Bxb7 21. Rxb7 Rxf2 22. Kxf2 Bd4+ 23. Kf1 Bc3 24. Rc1 Bd4 25. Re1 Bc3 26. Reb1 Bd4 27. Qe2 Nc6 28. R1b6 Bxb6 29. Rxb6 Rc8 30. Qf3 Ra8 31. Rxc6 Ra1+ 32. Ke2 Qd4 33. Rc8+ Kg7 34. Qb7+ Kh6 35. Ra8 Rc1 36. Ra2 Qg1 37. Kf3 Qd1+ 38. Kf2 Qe1+ 39. Kf3 Qd1+ 40. Kf2 Qe1+ 41. Kf3 1/2-1/2

[Event "FRA-chT2 0304"]
[Site "France"]
[Date "2003.12.07"]
[Round "4"]
[White "Janier, Fabrice"]
[Black "Sonnet, Jean Pierre"]
[Result "1/2-1/2"]
[WhiteElo "2058"]
[BlackElo "2121"]
[PlyCount "57"]
[EventDate "2003.10.??"]
[EventType "team-tourn"]
[EventRounds "11"]
[EventCountry "FRA"]
[SourceTitle "EXT 2005"]
[Source "ChessBase"]
[SourceDate "2004.11.15"]
[SourceVersion "1"]
[SourceVersionDate "2004.11.15"]
[SourceQuality "1"]

1. d4 d5 2. c4 e5 3. dxe5 d4 4. Nf3 Nc6 5. g3 Be6 6. Nbd2 Qd7 7. Bg2 Nge7 8. 0-0 Ng6 9. Qb3 0-0-0 10. a3 Bh3 11. Qd3 Bxg2 12. Kxg2 Ncxe5 13. Nxe5 Nxe5 14. Qe4 Nc6 15. Nf3 f5 16. Qd3 Be7 17. b4 Bf6 18. Bb2 Qe6 19. b5 Na5 20. Rac1 c5 21. bxc6 Nxc6 22. Rfd1 g5 23. Qc2 g4 24. Ne1 h5 25. Nd3 Bg5 26. Rb1 h4 27. Nc5 Qf7 28. Nxb7 hxg3 29. hxg3 1/2-1/2

[Event "FRA-chT Gp-B"]
[Site "France"]
[Date "2003.04.05"]
[Round "6.7"]
[White "Sonnet, Jean Pierre"]
[Black "Leygue, Dominique"]
[Result "1-0"]
[WhiteElo "2144"]
[BlackElo "2242"]
[PlyCount "101"]
[EventDate "2003.01.31"]
[EventType "team-tourn"]
[EventRounds "7"]
[EventCountry "FRA"]
[SourceTitle "CBM 095"]
[Source "ChessBase"]
[SourceDate "2003.07.25"]
[SourceVersion "1"]
[SourceVersionDate "2003.07.25"]
[SourceQuality "1"]
[WhiteTeam "Besancon"]
[BlackTeam "Vandoeuvre"]
[WhiteTeamCountry "FRA"]
[BlackTeamCountry "FRA"]

1. e4 e5 2. Nf3 Nc6 3. Bb5 f5 4. Nc3 fxe4 5. Nxe4 d5 6. Ng3 Bg4 7. h3 Bxf3 8. Qxf3 Nf6 9. Nh5 Qd6 10. Nxf6+ gxf6 11. Qh5+ Kd7 12. 0-0 Be7 13. d4 a6 14. Bxc6+ bxc6 15. Re1 e4 16. f3 Rag8 17. Qf5+ Kd8 18. Bf4 Qb4 19. Be3 exf3 20. Qxf3 Rg6 21. c3 Qd6 22. Bf4 Qd7 23. Re2 f5 24. Rf1 Rf8 25. b4 Kc8 26. Qd3 Kb7 27. a4 Re6 28. Be5 f4 29. Qxh7 f3 30. Rxf3 Rxf3 31. gxf3 c5 32. bxc5 Qxa4 33. Rb2+ Kc6 34. Rb1 Qa2 35. Rf1 Qe2 36. Qg8 Kd7 37. c6+ Rxc6 38. Qxd5+ Bd6 39. Qf7+ Be7 40. Qd5+ Bd6 41. Bxd6 Qe3+ 42. Kh1 Rxd6 43. Qf5+ Ke7 44. Rg1 Qh6 45. Qc8 Rd7 46. Re1+ Kd6 47. Qxa6+ c6 48. Qa3+ Kc7 49. Qa5+ Kb7 50. Rb1+ Kc8 51. Qa8+ 1-0

[Event "FRA-chT2"]
[Site "France"]
[Date "2002.03.24"]
[Round "11"]
[White "Sonnet, Jean Pierre"]
[Black "Martin, Joel"]
[Result "1/2-1/2"]
[WhiteElo "2155"]
[BlackElo "2073"]
[PlyCount "53"]
[EventDate "2002.??.??"]
[EventType "team-tourn"]
[EventRounds "11"]
[EventCountry "FRA"]
[SourceTitle "EXT 2003"]
[Source "ChessBase"]
[SourceDate "2002.11.25"]
[SourceVersion "1"]
[SourceVersionDate "2002.11.25"]
[SourceQuality "1"]

1. e4 c5 2. Nf3 Nc6 3. d3 d6 4. g3 g6 5. Bg2 Bg7 6. 0-0 Nf6 7. Nc3 0-0 8. Nh4 Rb8 9. f4 Nd4 10. f5 b5 11. Ne2 Nxe2+ 12. Qxe2 e6 13. fxg6 fxg6 14. Be3 e5 15. h3 Be6 16. Qd2 Qd7 17. Kh2 b4 18. Nf3 Qe7 19. Bg5 Qd7 20. Be3 Qe7 21. Ng1 Qc7 22. c3 bxc3 23. bxc3 Qa5 24. Rf2 Nd7 25. Rxf8+ Rxf8 26. Rb1 Rb8 27. Rxb8+ 1/2-1/2

[Event "FRA-chT2"]
[Site "France"]
[Date "2002.02.03"]
[Round "7"]
[White "Sonnet, Jean Pierre"]
[Black "Hodot, Yves"]
[Result "0-1"]
[WhiteElo "2155"]
[BlackElo "2107"]
[PlyCount "134"]
[EventDate "2002.??.??"]
[EventType "team-tourn"]
[EventRounds "11"]
[EventCountry "FRA"]
[SourceTitle "EXT 2003"]
[Source "ChessBase"]
[SourceDate "2002.11.25"]
[SourceVersion "1"]
[SourceVersionDate "2002.11.25"]
[SourceQuality "1"]

1. e4 e6 2. d4 d5 3. Nc3 Bb4 4. e5 c5 5. a3 Bxc3+ 6. bxc3 Qc7 7. Nf3 Nc6 8. Be2 f6 9. 0-0 fxe5 10. Nxe5 Nxe5 11. dxe5 Ne7 12. Bb5+ Bd7 13. Bxd7+ Qxd7 14. Qh5+ g6 15. Qe2 h6 16. Be3 Qc6 17. a4 0-0-0 18. Rfb1 Nf5 19. Rb5 d4 20. cxd4 cxd4 21. Bd2 Rh7 22. Rb4 Rc7 23. Rb2 Rd5 24. h3 g5 25. a5 Rc5 26. Raa2 Qd5 27. Qh5 Rd7 28. Bb4 Nh4 29. f3 d3 30. c3 Rc6 31. Qxh6 Qxe5 32. Qf8+ Rd8 33. Qf7 Rc7 34. Qh5 d2 35. Rxd2 Qe1+ 36. Kh2 Rxd2 37. Rxd2 Qxd2 38. Qe8+ Qd8 39. Qxe6+ Rd7 40. Bd6 b6 41. Qc4+ Rc7 42. Qe6+ Kb7 43. Qe4+ Ka6 44. Qe2+ b5 45. Bxc7 Qxc7+ 46. g3 Kxa5 47. Qa2+ Kb6 48. Qe6+ Kc5 49. Qe3+ Kd6 50. gxh4 gxh4 51. Kh1 Qe7 52. Qf4+ Kc6 53. Qh6+ Kc5 54. Qd2 a5 55. Qd4+ Kc6 56. Qd2 Qf6 57. Qe3 a4 58. Qe8+ Kc5 59. Qc8+ Qc6 60. Qf8+ Kc4 61. Qf4+ Kb3 62. Qb4+ Kc2 63. Qf4 a3 64. Qf5+ Kb2 65. Qf4 Qxc3 66. Qxh4 a2 67. Qf2+ Kb1 0-1

[Event "FRA AJEC/5164 corr"]
[Site "France"]
[Date "2002.??.??"]
[Round "?"]
[White "Biaux, Alain"]
[Black "Sonnet, Jean Pierre"]
[Result "0-1"]
[WhiteElo "2144"]
[BlackElo "2243"]
[PlyCount "60"]
[EventDate "2002.??.??"]
[EventType "tourn"]
[EventRounds "8"]
[EventCountry "FRA"]
[SourceTitle "Corr 2004"]
[Source "ChessBase"]
[SourceDate "2003.04.28"]
[SourceVersion "3"]
[SourceVersionDate "2003.04.28"]
[SourceQuality "1"]

1. Nf3 Nf6 2. c4 g6 3. Nc3 d5 4. cxd5 Nxd5 5. Qa4+ Bd7 6. Qh4 Nf6 7. e4 Bg7 8. d4 h6 9. Ne5 Bc8 10. Bc4 e6 11. Be3 Nbd7 12. f4 Qe7 13. 0-0 a6 14. Rac1 Nd5 15. Nxd5 Qxh4 16. Nxc7+ Kf8 17. Nxa8 Bxe5 18. dxe5 Kg7 19. Be2 Qe7 20. a3 g5 21. fxg5 hxg5 22. Rc7 Qd8 23. Rfc1 Kg6 24. Rxc8 Qxc8 25. Rxc8 Rxc8 26. Nb6 Nxb6 27. Bxb6 Rc2 28. Kf2 Rxb2 29. Bc5 a5 30. Kg3 Rxe2 0-1

[Event "FRA AJEC/5164 corr"]
[Site "France"]
[Date "2002.??.??"]
[Round "?"]
[White "Sonnet, Jean Pierre"]
[Black "Chopin, Philippe"]
[Result "0-1"]
[WhiteElo "2243"]
[BlackElo "2309"]
[PlyCount "94"]
[EventDate "2002.??.??"]
[EventType "tourn"]
[EventRounds "8"]
[EventCountry "FRA"]
[SourceTitle "Corr 2004"]
[Source "ChessBase"]
[SourceDate "2003.04.28"]
[SourceVersion "3"]
[SourceVersionDate "2003.04.28"]
[SourceQuality "1"]

1. Nf3 Nf6 2. g3 d5 3. Bg2 c6 4. 0-0 Bg4 5. d3 e6 6. Nbd2 Nbd7 7. b3 Be7 8. Bb2 0-0 9. c4 a5 10. a3 Bd6 11. d4 Bh5 12. c5 Be7 13. Re1 b6 14. b4 Qc7 15. Qc2 Bg6 16. Qc3 h6 17. Nh4 Bh7 18. f4 Rfb8 19. Nhf3 Qb7 20. Bc1 Qa6 21. Bb2 Qb5 22. Rec1 bxc5 23. dxc5 Bxc5+ 24. bxc5 Qxb2 25. Nd4 Qxc3 26. Rxc3 Rb2 27. Rd1 Ra2 28. h3 Rc8 29. Kf2 Rf8 30. Nxc6 Bc2 31. Ne7+ Kh7 32. Rc1 Ba4 33. Ke1 Re8 34. c6 Rxe7 35. cxd7 Rxd7 36. Bf3 Ne8 37. Rc5 Ra7 38. R1c3 Nd6 39. Nb1 Nb5 40. Rc1 Nd4 41. Kf2 Ra1 42. R5c3 Nxf3 43. Kxf3 Rb7 44. Nd2 Ra2 45. Rb1 Rxb1 46. Nxb1 Rb2 47. Rc1 d4 0-1

[Event "SEMI ECT 5-A email"]
[Site "SEMI email"]
[Date "2000.10.10"]
[Round "?"]
[White "Horvat, Milan"]
[Black "Sonnet, Jean Pierre"]
[Result "1-0"]
[WhiteElo "2276"]
[BlackElo "2243"]
[PlyCount "97"]
[EventDate "2000.10.10"]
[EventType "tourn (corr)"]
[EventRounds "8"]
[EventCountry "ITA"]
[SourceTitle "Corr 2008"]
[Source "ChessBase"]
[SourceDate "2008.06.24"]
[SourceVersion "1"]
[SourceVersionDate "2008.06.24"]
[SourceQuality "1"]

1. e4 c5 2. Nf3 Nc6 3. Bb5 Nf6 4. Nc3 e5 5. 0-0 d6 6. h3 h6 7. a3 Be7 8. b4 cxb4 9. axb4 0-0 10. Ba3 Qc7 11. Bd3 d5 12. exd5 Nxb4 13. Nb5 Qa5 14. d6 Bd8 15. Bc4 Bf5 16. Bxb4 Qxb4 17. Nxe5 a6 18. c3 Qc5 19. d4 Qc8 20. d7 Nxd7 21. Nd6 Nxe5 22. Nxc8 Nxc4 23. Ne7+ Bxe7 24. Qe2 Be6 25. d5 Bxd5 26. Qxe7 Bc6 27. Rfd1 b5 28. Rd4 Rfe8 29. Qc7 Rac8 30. Qg3 Bb7 31. Rg4 g6 32. Rd4 Rc5 33. Qf4 g5 34. Qf6 Rc6 35. Qf3 Rc7 36. Qh5 Kg7 37. f4 Re6 38. fxg5 hxg5 39. Ra2 Ne5 40. Qxg5+ Ng6 41. Rf2 Rce7 42. h4 Re5 43. Qf6+ Kh7 44. Rf5 Re1+ 45. Kh2 R1e6 46. Rh5+ Kg8 47. Rd8+ Re8 48. Rxe8+ Rxe8 49. Rf5 1-0

[Event "SEMI ECT 5-A email"]
[Site "SEMI email"]
[Date "2000.10.10"]
[Round "?"]
[White "Sonnet, Jean Pierre"]
[Black "Dempsey, Paul"]
[Result "1/2-1/2"]
[WhiteElo "2243"]
[BlackElo "2140"]
[PlyCount "102"]
[EventDate "2000.10.10"]
[EventType "tourn (corr)"]
[EventRounds "8"]
[EventCountry "ITA"]
[SourceTitle "Corr 2008"]
[Source "ChessBase"]
[SourceDate "2008.06.24"]
[SourceVersion "1"]
[SourceVersionDate "2008.06.24"]
[SourceQuality "1"]

1. e4 c5 2. Nf3 d6 3. d4 cxd4 4. Nxd4 Nf6 5. Nc3 a6 6. Be3 Ng4 7. Bg5 Nc6 8. Qd2 h6 9. Bh4 g5 10. Bg3 Bg7 11. Nb3 Nge5 12. a4 Be6 13. Nd5 Nd7 14. c3 Nf6 15. f3 Rc8 16. a5 0-0 17. Bf2 Ne5 18. h4 g4 19. Be2 Kh7 20. Ra4 h5 21. Nd4 Bxd5 22. exd5 Nxd5 23. fxg4 hxg4 24. Nf5 Nf6 25. h5 Rg8 26. Bh4 Bf8 27. Bxf6 exf6 28. Qc2 Kh8 29. Ne3 Rc5 30. b4 Rc8 31. Nd5 Bh6 32. Ra1 Rg5 33. Rd1 Nc4 34. Bxc4 Rxc4 35. 0-0 Rxd5 36. Rxd5 Be3+ 37. Kh2 g3+ 38. Kxg3 Qg8+ 39. Kf3 Rf4+ 40. Kxe3 Rxf1 41. Rf5 Qg3+ 42. Rf3 Qe5+ 43. Kd3 Rxf3+ 44. gxf3 Qf5+ 45. Kd2 Qxf3 46. Qd3 Qf4+ 47. Kc2 f5 48. Kb2 Qh2+ 49. Kb3 Qe5 50. Qh3 Kh7 51. Qg2 Qe4 1/2-1/2